[Event "Sherbrooke op"]
[Site "Sherbrooke"]
[Date "2000.??.??"]
[Round "1"]
[White "Grenier, Jean Pierre"]
[Black "Cote, Patrice"]
[Result "1-0"]
[WhiteElo "1347"]
[BlackElo "1147"]
[PlyCount "69"]
[EventDate "2000.??.??"]
[EventType "swiss"]
[EventRounds "5"]
[EventCountry "CAN"]
[SourceTitle "EXT 2004"]
[Source "ChessBase"]
[SourceDate "2003.11.25"]
[SourceVersion "1"]
[SourceVersionDate "2003.11.25"]
[SourceQuality "1"]

1. d4 d5 2. Nf3 Bf5 3. e3 e6 4. Bd3 Bxd3 5. Qxd3 Nf6 6. Qb5+ Nbd7 7. Qxb7 c5 8. 0-0 Be7 9. Ne5 Nxe5 10. dxe5 Nd7 11. f4 0-0 12. a4 a5 13. Qb3 c4 14. Qc3 Nc5 15. Qd4 Qc7 16. Nc3 Nd7 17. Nb5 Qc6 18. Rf3 Rfd8 19. Qd1 Bc5 20. Nd4 Qb6 21. c3 Qc7 22. Rg3 Qb7 23. Qh5 Bxd4 24. exd4 Qb3 25. f5 exf5 26. Rh3 Nf8 27. Qxf5 Ra6 28. Bg5 Rb8 29. Be7 Rg6 30. Rf1 Ne6 31. Qxf7+ Kh8 32. Qxg6 h6 33. Rxh6+ gxh6 34. Bf6+ Ng7 35. Qxg7# 1-0